000 00664nam a2200229 i 4500
001 bg
100 1 _aPŁÓCIENNIK-NAPIERAŁOWA, Janina
245 1 0 _aRachunkowość /
_cJanina Płóciennik-Napierałowa ; Politechnika Koszalińska. - Cz.1.
250 _aWyd.2.
260 _aKoszalin :
_bWydaw. Uczelniane PK,
_c1998.
300 _a110 s. ;
_c24 cm.
521 _aSkrypt Instytutu Zarządzania i Marketingu.
650 9 _aRachunkowość
655 _aPodręczniki akademickie
020 _a8386123818
040 _cBPK
041 0 _apl
080 _a657(075.8)
920 _a83-86123-81-8
942 _cKS
008 s pl f |000 0 pol
999 _c33599
_d33599
856 _uhttp://koha.tu.koszalin.pl/cgi-bin/koha/opac-detail.pl?biblionumber=33599
_yKatalog online BPK